Normal view MARC view
  • KUMAR, PUSPENDRA

Entry Personal Name

Number of records used in: 1

001 - CONTROL NUMBER

  • control field: 8696

003 - CONTROL NUMBER IDENTIFIER

  • control field: JRU

005 - DATE AND TIME OF LATEST TRANSACTION

  • control field: 20250917122506.0

008 - FIXED-LENGTH DATA ELEMENTS

  • fixed length control field: 250917|| aca||aabn | a|a d

040 ## - CATALOGING SOURCE

  • Original cataloging agency: JRU
  • Transcribing agency: JRU

100 ## - HEADING--PERSONAL NAME

  • Personal name: KUMAR, PUSPENDRA

670 ## - SOURCE DATA FOUND

  • Source citation: Work cat.: (JRU)8830: KUMAR, PUSPENDRA, A TEXTBOOK OF PHARMACEUTICAL ANALYSIS